The high-performance board : (Record no. 6806)
[ view plain ]
| 000 -LEADER | |
|---|---|
| fixed length control field | 01691nac a22003131u 4500 |
| 090 ## - LOCALLY ASSIGNED LC-TYPE CALL NUMBER (OCLC); LOCAL CALL NUMBER (OCLC) | |
| -- | 6806 |
| 008 - FIXED-LENGTH DATA ELEMENTS--GENERAL INFORMATION | |
| fixed length control field | 080824t xxu||||| |||| 00| 0 eng d |
| 010 ## - LIBRARY OF CONGRESS CONTROL NUMBER | |
| LC control number | 2002001090 |
| 020 ## - INTERNATIONAL STANDARD BOOK NUMBER | |
| International Standard Book Number | 078795697X |
| 082 00 - DEWEY DECIMAL CLASSIFICATION NUMBER | |
| Classification number | 658.422 |
| Item number | POI |
| 100 ## - MAIN ENTRY--PERSONAL NAME | |
| Personal name | Pointer, Dennis Dale. |
| 245 14 - TITLE STATEMENT | |
| Title | The high-performance board : |
| Remainder of title | principles of nonprofit organization governance / |
| Statement of responsibility, etc | Dennis D. Pointer, James E. Orlikoff. |
| 250 ## - EDITION STATEMENT | |
| Edition statement | 1st ed. |
| 260 ## - PUBLICATION, DISTRIBUTION, ETC. (IMPRINT) | |
| Place of publication, distribution, etc | [San Francisco, Calif.] : |
| Name of publisher, distributor, etc | Jossey-Bass,c2002. |
| Date of publication, distribution, etc | c2002. |
| 300 ## - PHYSICAL DESCRIPTION | |
| Extent | xxii, 186 p. : |
| Other physical details | ill. ; |
| Dimensions | 24 cm. |
| 440 #4 - | |
| -- | The Jossey-Bass nonprofit and public management series |
| 500 ## - GENERAL NOTE | |
| General note | Distributer: Al-Ahram. |
| 504 ## - BIBLIOGRAPHY, ETC. NOTE | |
| Bibliography, etc | Includes bibliographical references (p. 181) and index. |
| 505 0# - FORMATTED CONTENTS NOTE | |
| Formatted contents note | Governance basics -- Obligations -- Functioning : responsibilities -- Functioning : roles -- Structure -- Composition -- Infrastructure -- Transforming your board -- The sixty-four principles -- Illustrative board policies -- Sample committee charters -- Illustrative board chair position description -- Illustrative governance principles. |
| 511 ## - PARTICIPANT OR PERFORMER NOTE | |
| Participant or performer note | Catalogued By: Mahitab. |
| 650 #0 - SUBJECT ADDED ENTRY--TOPICAL TERM | |
| Topical term or geographic name as entry element | Nonprofit organizations |
| General subdivision | Management. |
| 650 #0 - SUBJECT ADDED ENTRY--TOPICAL TERM | |
| Topical term or geographic name as entry element | Boards of directors. |
| 700 1# - ADDED ENTRY--PERSONAL NAME | |
| Personal name | Orlikoff, James E. |
| 856 42 - ELECTRONIC LOCATION AND ACCESS | |
| Materials specified | Contributor biographical information |
| Uniform Resource Identifier | <a href="http://www.loc.gov/catdir/bios/wiley043/2002001090.html">http://www.loc.gov/catdir/bios/wiley043/2002001090.html</a> |
| 856 42 - ELECTRONIC LOCATION AND ACCESS | |
| Materials specified | Publisher description |
| Uniform Resource Identifier | <a href="http://www.loc.gov/catdir/description/wiley036/2002001090.html">http://www.loc.gov/catdir/description/wiley036/2002001090.html</a> |
| 856 42 - ELECTRONIC LOCATION AND ACCESS | |
| Materials specified | Table of contents |
| Uniform Resource Identifier | <a href="http://www.loc.gov/catdir/toc/wiley022/2002001090.html">http://www.loc.gov/catdir/toc/wiley022/2002001090.html</a> |
| 942 ## - ADDED ENTRY ELEMENTS (KOHA) | |
| Item type | Book - Borrowing |
| Call number prefix | 658.422POI |
| Source of classification or shelving scheme | Dewey Decimal Classification |
| Withdrawn status | Item status | Source of classification or shelving scheme | Damaged status | Not for loan | Home library | Current library | Shelving location | Date acquired | Source of acquisition | Total Checkouts | Full call number | Barcode | Date last seen | Koha item type |
|---|---|---|---|---|---|---|---|---|---|---|---|---|---|---|
| Dewey Decimal Classification | Central Library | Central Library | First floor | 24/08/2008 | Purchase | 658.422 POI | 000007857 | 15/07/2025 | Book - Borrowing |